LIBRARY & INFORMATION CENTRE, KCAET, TAVANUR

ONLINE PUBLIC ACCESS CATALOGUE (OPAC)

Normal view MARC view
  • Narayan, R .

Entry Personal Name

Number of records used in: 6

001 - CONTROL NUMBER

  • control field: 507

003 - CONTROL NUMBER IDENTIFIER

  • control field: OSt

005 - DATE AND TIME OF LATEST TRANSACTION

  • control field: 20160621104414.0

008 - FIXED-LENGTH DATA ELEMENTS

  • fixed length control field: 160621|| aca||aabn | a|a d

040 ## - CATALOGING SOURCE

  • Original cataloging agency: OSt
  • Transcribing agency: OSt

100 ## - HEADING--PERSONAL NAME

  • Personal name: Narayan, R .

670 ## - SOURCE DATA FOUND

  • Source citation: Work cat.: (OSt)90: Ramamrutham, S . 506, Design of Reinforced Concrete Structures:(Conforming ti IS 456),Limit State Method And Working Stress Method, 2015
free website counter